|
|
|
|
| LEADER |
01036nam a2200373 4500 |
| 001 |
DLU190189619 |
| 005 |
##20190307 |
| 008 |
##090810s2011 cau b 001 0 eng |
| 010 |
# |
# |
|a 2009934444
|
| 020 |
# |
# |
|a 0495813338 (pbk. : student ed.)
|
| 020 |
# |
# |
|a 9780495813330 (pbk. : student ed.)
|
| 040 |
# |
# |
|a DLC
|c DLC
|
| 042 |
# |
# |
|a pcc
|
| 082 |
# |
# |
|a 158.3
|b ME-S
|
| 100 |
# |
# |
|a Meier, Scott T.,
|d 1955-
|
| 245 |
# |
# |
|a The elements of counseling /
|c Scott T. Meier, Susan R. Davis.
|
| 250 |
# |
# |
|a 7th ed.
|
| 260 |
# |
# |
|a Belmont, CA :
|b Wadsworth Cengage Learning,
|c c2011.
|
| 300 |
# |
# |
|a xv, 93 p. ;
|c 24 cm.
|
| 504 |
# |
# |
|a Includes bibliographical references (p. 81-90) and index.
|
| 650 |
# |
# |
|a Counseling psychology.
|
| 650 |
# |
# |
|a Counseling.
|
| 700 |
# |
# |
|a Davis, Susan R.,
|d 1956-
|
| 923 |
# |
# |
|a 05/2018
|
| 991 |
# |
# |
|a SH
|
| 992 |
# |
# |
|a 1194305
|
| 993 |
# |
# |
|a 2011
|
| 900 |
# |
# |
|a True
|
| 911 |
# |
# |
|a Nguyễn Thanh Hương
|
| 925 |
# |
# |
|a G
|
| 926 |
# |
# |
|a A
|
| 927 |
# |
# |
|a SH
|
| 980 |
# |
# |
|a Thư viện Trường Đại học Đà Lạt
|